000 01270cam a2200313 a 4500
001 c 67000554
003 DLC
005 20260227111036.0
008 031030s1961 cc b 000 0 chi
010 _ac 67000554
035 _a(CStRLIN)DCLP03-B16242
040 _aDLC
_cDNLM
_dOCoLC
_dMH-HY
_dCStRLIN
_dDLC-R
_dDLC
042 _alccopycat
050 0 0 _aRS125.C443
_bN3
066 _c$1
245 0 0 _6880-01
_aJin gui jiao xue can kao zi liao /
_cNanjing Zhong yi xue yuan jin gui jiao yan zu bian zhu.
250 _6880-02
_aDi 1 ban.
260 _6880-03
_aShanghai :
_bShanghai ke xue ji shu chu ban she,
_c1961
_g(1962 printing)
300 _a4, 348 p. ;
_c21 cm.
504 _aBibliography: p. 348.
650 0 _aMedicine
_xFormulae, receipts, prescriptions.
700 1 2 _6880-04
_aZhang, Zhongjing,
_dactive 168-196.
_tJin gui yao lüe.
710 2 _6880-05
_aNanjing Zhong yi xue yuan.
_bJin gui jiao yan zu.
880 0 0 _6245-01/$1
_a金匱敎學参考資料 /
_c南京中医学院金匱敎研組編著.
880 _6250-02/$1
_a第1版.
880 _6260-03/$1
_a上海 :
_b上海科学技术出版社,
_c1961
_g(1962 printing)
880 1 2 _6700-04/$1
_a張仲景,
_dactive 168-196.
_t金匱要略.
880 2 _6710-05/$1
_a南京中医学院.
_b金匱敎研組.
999 _c12925
_d12925